Riconosci il Pokémon - Quiz n°131 - Statistics

Statistiche generali
  • Questo quiz è stato fatto 6 volte
  • Il punteggio medio è 8 su 10
Statistiche sulle risposte
Indizio Risposta % Corretto
Tipo Coleottero / Volante
100%
Stadio evoluzione Forma Base
100%
Generazione Quarta
100%
Abilità Mielincetta; Tuttafretta
83%
Altezza 0,3 m
67%
Tasso di cattura 120 (24.9%)
67%
Peso 5,5 kg
67%
Sesso 87.5% ♂, 12.5% ♀
67%
Pokémon Combee
67%
Tasso di allevamento Medio-Lento
67%
Nessun quiz corrispondente trovato
Distribuzione punteggi
Percentuale di utenti per punteggio
Percentile per numero di risposta
I tuoi punteggi nel tempo
Non hai fatto questo quiz